Normal view
MARC view
- Kayani,Saheeb Ahmed
Entry Personal Name
001 - CONTROL NUMBER
- control field: 129958
003 - CONTROL NUMBER IDENTIFIER
- control field: NUST
005 - DATE AND TIME OF LATEST TRANSACTION
- control field: 20250718121514.0
008 - FIXED-LENGTH DATA ELEMENTS
- fixed length control field: 250718|| aca||aabn | a|a d
040 ## - CATALOGING SOURCE
- Original cataloging agency: NUST
- Transcribing agency: NUST
100 ## - HEADING--PERSONAL NAME
- Personal name: Kayani,Saheeb Ahmed
670 ## - SOURCE DATA FOUND
- Source citation: Work cat.: (NUST): Kayani,Saheeb Ahmed, A Brief History of Engineering Design, 2025
